[Event "CHN-RUS U14 rapid"]
[Site "Jinan"]
[Date "2019.12.13"]
[Round "7.2"]
[White "Wang, Yichen"]
[Black "Kuzmin, Roman"]
[Result "0-1"]
[WhiteElo "1727"]
[BlackElo "2069"]
[PlyCount "104"]
[EventDate "2019.12.12"]
[EventType "team-schev (rapid)"]
[EventRounds "8"]
[EventCountry "CHN"]
[SourceTitle "CBM 193 Extra"]
[Source "ChessBase"]
[SourceDate "2020.01.31"]
[SourceVersion "1"]
[SourceVersionDate "2020.01.31"]
[SourceQuality "1"]
[WhiteTeam "China"]
[BlackTeam "Russia"]
[WhiteTeamCountry "CHN"]
[BlackTeamCountry "RUS"]

1. e4 e5 2. Nf3 Nc6 3. Bb5 a6 4. Ba4 d6 5. 0-0 Bd7 6. c3 g6 7. d4 Bg7 8. Bg5 Nge7 9. dxe5 Nxe5 10. Nxe5 dxe5 11. Bxd7+ Qxd7 12. Qb3 Qb5 13. Qxb5+ axb5 14. Na3 c6 15. c4 f6 16. Be3 bxc4 17. Nxc4 Nc8 18. Rfd1 Ke7 19. Bc5+ Ke6 20. Nb6 Nxb6 21. Rd6+ Kf7 22. Bxb6 Rhe8 23. a3 Ra6 24. Rd7+ Re7 25. Rxe7+ Kxe7 26. Bc5+ Ke8 27. Rd1 Ra8 28. Bb6 Bf8 29. g4 Be7 30. Rd3 Ra4 31. b4 Ra6 32. Bc7 c5 33. bxc5 Bxc5 34. Rd8+ Ke7 35. Rb8 Kd7 36. Bd8 Bd6 37. Rxb7+ Kxd8 38. Rxh7 g5 39. Rh6 Ke7 40. h4 gxh4 41. Rxh4 Rxa3 42. Rh7+ Kf8 43. Rh5 Kg7 44. Kg2 Ra2 45. Rf5 Kg6 46. Kg3 Re2 47. f3 Bc5 48. g5 fxg5 49. Kg4 Rg2+ 50. Kh3 Rd2 51. Rxe5 Bd6 52. Re6+ Kf7 0-1